000
00364nam a2200133Ia 4500
008
100328s9999 xx 000 0 und d
082
_b
71942
100
_a
लागू चिंतामणी.
245
_a
प्रतिशोध
260
_b
मेघना.
630
_a
प्रतिशोध
730
_a
प्रतिशोध
942
_c
BOOK
999
_c
557665
_d
557662